Les plus grandes mosquées du monde - Statistiques

Statistiques générales
  • Ce quiz a été pris 181 fois
  • Le résultat moyen est 31 sur 40
Statistiques - réponses
Superficie
d’acceuil
Pays Mosquée % Correct
4 120 000 Algérie Grande mosquée d’Alger
100%
20 30 000 Algérie Grande Mosquée du 1er novembre 1954
100%
6 100 000 Maroc Mosquée Hassan II
99%
1 1 500 000 Arabie Saoudite Mosquée al-Haram
96%
2 1 000 000 Arabie Saoudite Mosquée Al Nabawi
96%
10 63 000 Turquie Mosquée Çamlica
95%
25 28 500 Turquie Mosquée Sabanci
95%
30 20 000 Égypte Mosquée Al Azhar
86%
39 10 000 Russie Mosquée Cathédrale de Moscou
85%
5 120 000 Indonésie Mosquée Istiqlal
83%
12 59 000 Indonésie Mosquée Al Akbar
83%
13 50 000 Indonésie Mosquée Al Markaz Al Islam
83%
17 40 000 Indonésie Mosquée Centre islamique
83%
21 30 000 Indonésie Grande mosquée Baiturrahman
83%
31 20 000 Indonésie Mosquée Dian Al Mahri
83%
33 20 000 Indonésie Grande mosquée ouest de Sumatra
83%
19 33 000 Inde Mosquée Jamia Masjid
79%
27 25 000 Inde Mosquée Jama Masjid
79%
24 30 000 Italie Grande mosquée de Rome
79%
7 100 000 Pakistan Mosquée Badshahi
79%
8 74 000 Pakistan Mosquée Faisal
79%
9 70 000 Pakistan Mosquée Grande Jamia
79%
26 25 000 Pakistan Mosquée CMH
79%
35 20 000 Pakistan Mosquée Shah Jahan Mosque
79%
38 18 000 Pakistan Aqsa Mosquée
79%
18 40 000 Émirats arabes unis Mosquée Cheikh Zayed
77%
22 30 000 Qatar Mosquée Muhammad Nasir-ud Din al Albani
76%
40 5 000 Allemagne Grande Mosquée de Cologne
74%
14 50 000 Portugal Grande mosquée de Lisbonne
72%
23 30 000 Sénégal Mosquée Massalikoul djinane
72%
3 500 000 Palestine Mosquée Al Aqsa
71%
36 20 000 Oman Grande Mosquée du Sultan Qabus
70%
15 44 000 Yémen Mosquée Al Saleh
68%
28 24 000 Malaisie Mosquée Sultan Salahuddin Abdul Aziz
67%
37 20 000 Malaisie Mosquée Tuanku Mizan Zainal Abidin
67%
34 20 000 Chine Mosquée Id Kah Mosque
60%
16 40 000 Bangladesh Mosquée Baitul Mukarram
54%
32 20 000 Guinée Grande Mosquée Fayçal de Conakry
54%
11 60 000 Philippines Mosquée Sultan Hassan Al Bolkiah
28%
29 22 000 Philippines Mosquée Al Dahab
28%
Aucun quiz correspondant
Distribution des résultats
% des personnes avec chaque résultat
Percentile par nombre de réponses
Votre historique - résultats
Vous n’avez pas pris ce quiz